Guess the NBA player (level easy) - Statistics

General Stats
  • This quiz has been taken 68 times
  • The average score is 15 of 16
Answer Stats
Picture Answer % Correct
Kevin Durant
100%
Lebron James
100%
Stephen Curry
100%
Klay Thompson
98%
Nikola Jokic
98%
Giánnis Antetokoúnmpo
96%
Jayson Tatum
96%
Joel Embiid
96%
Kyrie Irving
96%
Luka Doncic
96%
Chris Paul
95%
Damian Lillard
95%
Kawhi Leonard
95%
Anthony Davis
93%
Jimmy Butler
93%
Paul George
89%
No matching quizzes found
Score Distribution
Percent of People with Each Score
Percentile by Number Answered
Your Score History
You have not taken this quiz